Scott Pilgrim vs. My GPA - Mom Jeans. Lyrics - Statistics

General Stats
  • This quiz has been taken 24 times
  • The average score is 105 of 133
Answer Stats
Answer % Correct
I
94%
so
94%
So
94%
the
94%
all
88%
day
88%
fight
88%
figure
88%
friends
88%
it
88%
It
88%
It’s
88%
much
88%
on
88%
out
88%
parents
88%
reason
88%
suck
88%
think
88%
to
88%
We
88%
went
88%
when
88%
Where
88%
why
88%
wrong
88%
You
88%
your
88%
along
82%
Can’t
82%
exactly
82%
for
82%
get
82%
hard
82%
hell
82%
I’d
82%
leave
82%
me
82%
my
82%
never
82%
our
82%
see
82%
sweater
82%
thought
82%
too
82%
up
82%
wouldn’t
82%
anyway
76%
as
76%
away
76%
back
76%
bag
76%
But
76%
doesn’t
76%
given
76%
go
76%
happy
76%
Happy
76%
I’m
76%
I’ve
76%
locked
76%
looks
76%
matter
76%
old
76%
place
76%
probably
76%
ran
76%
same
76%
smoke
76%
stairs
76%
that
76%
under
76%
‘Cause
71%
Don’t
71%
here
71%
I’ll
71%
bet
65%
porch
65%
still
65%
now
59%
alone
53%
sleep
53%
well
53%
yes
53%
luck
24%
No matching quizzes found
Score Distribution
Percent of People with Each Score
Percentile by Number Answered
Your Score History
You have not taken this quiz